It's A Sin Lyrics-Ghost - Statistics

General Stats
  • This quiz has been taken 74 times
  • The average score is 215 of 263
Answer Stats
Answer % Correct
a
100%
I
100%
it
100%
It's
100%
it's
100%
sin
100%
do
94%
the
94%
my
90%
No
90%
to
90%
be
87%
me
87%
ever
84%
I'm
84%
of
84%
When
84%
when
84%
where
84%
always
81%
back
81%
been
81%
blame
81%
done
81%
Every
81%
everything
81%
Everything
81%
For
81%
life
81%
look
81%
matter
81%
one
81%
upon
81%
who
81%
and
77%
And
77%
Fathe
77%
I've
77%
or
77%
sense
77%
shame
77%
So
74%
then
74%
they
74%
They
74%
thing
74%
with
74%
didn't
71%
forgive
71%
place
71%
still
71%
going
68%
not
68%
you
68%
don't
65%
Father
65%
in
65%
taught
65%
understand
65%
At
61%
Everywhere
61%
care
58%
common
58%
pure
58%
succeed
58%
too
58%
tried
58%
how
55%
long
55%
quite
55%
right
55%
school
55%
thought
55%
through
55%
Whatever
55%
believe
52%
Forever
52%
new
52%
deed
48%
Has
48%
fought
45%
leaf
45%
tore
45%
word
45%
over
39%
Turned
39%
'cause
29%
No matching quizzes found
Score Distribution
Percent of People with Each Score
Percentile by Number Answered
Your Score History
You have not taken this quiz